01564nam a2200253 a 4500001001500000003000400015005001700019008004100036020003500077020003000112040000600142082001200148245007300160260002800233300002100261520062700282650004800909650004000957700002400997856008201021942001201103999001901115952017601134ASIN1119951747OSt20180116192413.0130128s2012 xxu eng d a1119951747 (paperback)c$50.00 a9781119951742 (paperback) c0 a720.28504aThe digital turn in architecture 1992-2010 :cedited by Mario Carpo. aLondon :bWiley,c2013. a264 p. ;c25 cm. aThe digital turn in architecture has gone through several stages and phases, and Architectural Design ( AD ) has captured them all. This anthology of AD 's most salient articles is chronologically and thematically arranged to provide a complete historical timeline of the rise to pre-eminence of computer-based design and production. A much-needed pedagogical and research tool, this synopsis also relates the present state of digitality in architecture to the history and theory of its recent development and trends. Architectural students, scholars, and practicing architects will find this book an invaluable reference. aArchitectural designxData processing96206 aArchitecturexData processing962071 aCarpo, Mario.96208403Amazon.comuhttp://www.amazon.com/exec/obidos/ASIN/1119951747/chopaconline-20 2ddccBK c353616d353616 00102ddc4070aSADAbSADAd2013-01-10eProgressive Internal, Purchase PC-1g3689.00l1o720.285 DIG 2013pSADA0001919r2015-10-26s2015-10-08t1v3689.00w2013-01-28yBK